Del genio a las Indias : medallas y monedas proclamaron nuevos gobiernos en Costa Rica (1821-1850) /

সংরক্ষণ করুন:
গ্রন্থ-পঞ্জীর বিবরন
প্রধান লেখক: Vargas Zamora, José A.
অন্যান্য লেখক: Chacón Hidalgo, Manuel B.
বিন্যাস: গ্রন্থ
ভাষা:Spanish
ট্যাগগুলো: ট্যাগ যুক্ত করুন
কোনো ট্যাগ নেই, প্রথমজন হিসাবে ট্যাগ করুন!

MARC

LEADER 00000nam a22000007a 4500
003 cru CIDCACS/IIS
005 20170804141837.0
007 ta
008 170804s2016 cr |||p|r|||| 00| 0 spa d
999 |c 19546  |d 19546 
040 |c cru CIDCACS/IIS 
100 1 |9 5100  |a Vargas Zamora, José A. 
245 1 |a Del genio a las Indias : medallas y monedas proclamaron nuevos gobiernos en Costa Rica (1821-1850) /  |c José A. Vargas Zamora, Manuel B. Chacón Hidalgo. 
300 |a páginas 51-71:  |b tablas, ilustraciones 
700 1 |9 5101  |a Chacón Hidalgo, Manuel B. 
773 0 |0 19529  |9 1076  |a Universidad de Costa Rica.   |d San José, Costa Rica: Editorial de la Universidad de Costa Rica, ago. 1992-  |o 17918  |t Reflexiones / 
942 |2 ddc  |c PP